[Event "C.to Provinciale SV"]
[Site "Savona ITA"]
[Date "2010.02.13"]
[Round "3"]
[White "Mirata, Danilo"]
[Black "Rosa, Lorenzo"]
[Result "0-1"]
[WhiteElo "1789"]
[BlackElo "1446"]
[PlyCount "72"]
[EventDate "2010.02.12"]

1. d4 d5 2. c4 Nf6 3. Nc3 e6 4. Bg5 c6 5. e3 Bb4 6. cxd5 Qxd5 7. Bxf6 gxf6 8.
Nf3 b5 9. Nd2 Bxc3 10. bxc3 Nd7 11. Qf3 Qxf3 12. Nxf3 Bb7 13. g3 c5 14. Bg2
cxd4 15. cxd4 Rc8 16. O-O Ba6 17. Rfc1 O-O 18. Nd2 f5 19. Nb3 b4 20. Nc5 Nxc5
21. Rxc5 Bd3 22. Rac1 Rb8 23. Bf1 Be4 24. Bg2 Bxg2 25. Kxg2 Rb6 26. Ra5 a6 27.
Rc7 Ra8 28. Rd7 Rb5 29. Ra4 a5 30. Rc7 Kg7 31. Rc5 Rxc5 32. dxc5 Kf6 33. f4 Ke7
34. Kf2 Kd7 35. Ke2 Kc6 36. a3 Kb5 0-1

[Event "C.to Provinciale SV"]
[Site "Savona ITA"]
[Date "2010.02.13"]
[Round "3"]
[White "Pedemonte, Claudio"]
[Black "Castellano, Adriano"]
[Result "1-0"]
[WhiteElo "1842"]
[BlackElo "1506"]
[PlyCount "51"]
[EventDate "2010.02.12"]

1. c4 Nf6 2. Nc3 e6 3. e4 Bb4 4. e5 Bxc3 5. bxc3 Ne4 6. Qg4 Ng5 7. d4 h6 8. h4
f5 9. exf6 Qxf6 10. hxg5 Qf5 11. Qxf5 exf5 12. gxh6 gxh6 13. Rxh6 Rxh6 14. Bxh6
d6 15. Nf3 Be6 16. d5 Bf7 17. O-O-O Bh5 18. Re1+ Kd7 19. Bd3 Bg6 20. Nd4 Na6
21. Bxf5+ Bxf5 22. Nxf5 Re8 23. Rxe8 Kxe8 24. Be3 c5 25. Nxd6+ Ke7 26. Nxb7 1-0

[Event "C.to Provinciale SV"]
[Site "Savona ITA"]
[Date "2010.02.13"]
[Round "3"]
[White "Pesce, Gabriele"]
[Black "Gioseffi, Massimiliano"]
[Result "1/2-1/2"]
[WhiteElo "2168"]
[BlackElo "2121"]
[PlyCount "121"]
[EventDate "2010.02.12"]

1. e4 c5 2. Nc3 Nc6 3. f4 e6 4. Nf3 d6 5. d3 g6 6. g3 Bg7 7. Bg2 Nge7 8. O-O
O-O 9. Be3 Nd4 10. Qd2 Rb8 11. Nd1 b5 12. Ne1 b4 13. c3 bxc3 14. bxc3 Ndc6 15.
d4 cxd4 16. cxd4 Na5 17. Rc1 Ba6 18. Rf2 Nc4 19. Qe2 Nxe3 20. Qxe3 Qb6 21. Rd2
Rfc8 22. Nc3 e5 23. fxe5 dxe5 24. Nd5 Nxd5 25. Rxc8+ Rxc8 26. exd5 exd4 27. Qb3
Qxb3 28. axb3 Bh6 29. Rc2 Rxc2 30. Nxc2 d3 31. Nb4 Be3+ 32. Kh1 Bb5 33. Bf3 Kf8
34. Kg2 Ke7 35. Nc6+ Kd6 36. h4 d2 37. Na5 Bb6 38. Nc4+ Bxc4 39. bxc4 a5 40.
Bd1 Kc5 41. Kf3 Kxc4 42. Ke2 Kc3 43. d6 Bc5 44. d7 Bb6 45. Ba4 Bd8 46. Ke3 f5
47. Bd1 g5 48. h5 h6 49. Ba4 Bb6+ 50. Ke2 Bc7 51. Bd1 f4 52. gxf4 gxf4 53. Ba4
Bd8 54. Bd1 Bg5 55. Ba4 Kb4 56. Bc6 a4 57. Kxd2 Kb3 58. Bd5+ Kb2 59. Ke2 Kc3
60. Kf3 Kd4 61. Ba2 1/2-1/2

[Event "C.to Provinciale SV"]
[Site "Savona ITA"]
[Date "2010.02.13"]
[Round "3"]
[White "Pesce, Leandro"]
[Black "Badano, Fabio"]
[Result "1-0"]
[WhiteElo "1739"]
[BlackElo "1813"]
[PlyCount "97"]
[EventDate "2010.02.12"]

1. e4 e6 2. d4 d5 3. exd5 exd5 4. Nf3 Nf6 5. Bd3 Bd6 6. Bg5 O-O 7. O-O Bg4 8.
Nc3 c6 9. Bh4 Nbd7 10. Re1 Qc7 11. Bg3 Rfe8 12. Qd2 Bxf3 13. gxf3 Nh5 14. Bf5
Ndf6 15. Bh3 Bf4 16. Qd3 Bxg3 17. fxg3 Rxe1+ 18. Rxe1 Nxg3 19. Re5 Ngh5 20. Qe3
g6 21. Ne2 Qb6 22. b3 Qa5 23. a4 Qe1+ 24. Bf1 Qh4 25. Re7 Ng7 26. Rxb7 Nf5 27.
Qf2 Qg5+ 28. Ng3 Nh5 29. Bd3 Nhxg3 30. hxg3 Nxg3 31. Kh2 Qh4+ 32. Kg2 Nf5 33.
Bxf5 Qxf2+ 34. Kxf2 gxf5 35. Rc7 Kg7 36. Rxc6 h5 37. c4 dxc4 38. bxc4 Rb8 39.
Kg3 Rb1 40. d5 Rh1 41. Kg2 Rd1 42. d6 Rd4 43. c5 f4 44. Rc7 Rd5 45. d7 Rd4 46.
c6 Rd2+ 47. Kh3 Kf6 48. Rc8 Ke7 49. Re8+ 1-0

[Event "C.to Provinciale SV"]
[Site "Savona ITA"]
[Date "2010.02.13"]
[Round "3"]
[White "Tedeschi, Paolo"]
[Black "Cotugno, Michele"]
[Result "0-1"]
[WhiteElo "2093"]
[BlackElo "1683"]
[PlyCount "80"]
[EventDate "2010.02.12"]

1. e4 c5 2. Nf3 d6 3. c3 Nc6 4. d4 cxd4 5. cxd4 Nf6 6. Nc3 e6 7. Bd3 Be7 8. O-O
O-O 9. e5 Ne8 10. Ne4 Nb4 11. Bb1 dxe5 12. a3 Nd5 13. dxe5 Bd7 14. Neg5 g6 15.
Qd4 Kg7 16. Ne4 Qb6 17. Qd2 Rh8 18. Ba2 Bc6 19. Qh6+ Kg8 20. Rb1 Bf8 21. Qh4
Be7 22. Bg5 Qc7 23. Bxd5 Bxg5 24. Nfxg5 Bxd5 25. Qf4 Qe7 26. Nf6+ Nxf6 27. exf6
Qd8 28. Rbc1 Rc8 29. Rxc8 Qxc8 30. Rc1 Bc6 31. Nf3 h6 32. Nd4 Kh7 33. Rc3 e5
34. Qc1 exd4 35. Rh3 Kg8 36. Rxh6 Rxh6 37. Qxh6 Qf8 38. Qg5 Qe8 39. h4 Qe1+ 40.
Kh2 Qxf2 0-1

[Event "C.to Provinciale SV"]
[Site "Savona ITA"]
[Date "2010.02.14"]
[Round "4"]
[White "Agazzi, Marco"]
[Black "Atteo, Domenico"]
[Result "1/2-1/2"]
[WhiteElo "1771"]
[BlackElo "1798"]
[PlyCount "91"]
[EventDate "2010.02.12"]

1. Nf3 Nf6 2. d4 g6 3. c3 Bg7 4. Bf4 d6 5. e3 O-O 6. Bd3 Nfd7 7. O-O h6 8. e4
e5 9. dxe5 Nxe5 10. Nxe5 dxe5 11. Be3 b6 12. Qe2 Bb7 13. Rd1 Qe7 14. Nd2 Nd7
15. Nf3 Nc5 16. Bxc5 Qxc5 17. Rd2 Rad8 18. Rad1 Qe7 19. Bc2 Kh8 20. Rxd8 Rxd8
21. Rxd8+ Qxd8 22. Qd3 Qxd3 23. Bxd3 f5 24. Nd2 fxe4 25. Bxe4 Bxe4 26. Nxe4 Kg8
27. Kf1 Kf7 28. Ke2 Ke6 29. Kd3 c6 30. Ng3 Bf8 31. Ke4 a5 32. Nf1 Bc5 33. f3 a4
34. b4 axb3 35. axb3 b5 36. c4 bxc4 37. bxc4 Bb4 38. Ne3 h5 39. g4 Bd2 40. gxh5
Bxe3 41. Kxe3 gxh5 42. Ke4 Kf6 43. h4 Ke6 44. c5 Kf6 45. f4 exf4 46. Kxf4
1/2-1/2

[Event "C.to Provinciale SV"]
[Site "Savona ITA"]
[Date "2010.02.14"]
[Round "4"]
[White "Badano, Fabio"]
[Black "Mercandelli, Claudio"]
[Result "0-1"]
[WhiteElo "1813"]
[BlackElo "1894"]
[PlyCount "62"]
[EventDate "2010.02.12"]

1. e4 g6 2. d4 Bg7 3. Nc3 c6 4. Be3 d5 5. e5 h5 6. Qd2 Nh6 7. Bd3 Bf5 8. O-O-O
Bxd3 9. Qxd3 e6 10. h4 Nd7 11. Nh3 a6 12. Bg5 Qc7 13. Nf4 Nf5 14. f3 c5 15. g4
Nxd4 16. Nxg6 Nxe5 17. Nxe5 Qxe5 18. Rhe1 Qd6 19. gxh5 Kd7 20. f4 Kc6 21. Qe3
Rae8 22. Qf2 f6 23. Rxd4 cxd4 24. Qxd4 fxg5 25. Qxg7 Reg8 26. Qf6 Qxf4+ 27.
Qxf4 gxf4 28. Rxe6+ Kc5 29. Re5 f3 30. Rxd5+ Kc4 31. Rf5 Rf8 0-1

[Event "C.to Provinciale SV"]
[Site "Savona ITA"]
[Date "2010.02.14"]
[Round "4"]
[White "Bruzzone, Carlo"]
[Black "Lupini, Stefano"]
[Result "1-0"]
[WhiteElo "1726"]
[BlackElo "1936"]
[PlyCount "34"]
[EventDate "2010.02.12"]

1. Nf3 Nf6 2. c4 c5 3. d4 cxd4 4. Nxd4 g6 5. Nc3 d5 6. cxd5 Nxd5 7. e3 Nxc3 8.
bxc3 a6 9. Bb2 Bg7 10. Bc4 e5 11. Nf3 Qc7 12. Bd5 h6 13. O-O O-O 14. e4 Nd7 15.
Nh4 Kh7 16. Ba3 Nc5 17. Qf3 b6 1-0

[Event "C.to Provinciale SV"]
[Site "Savona ITA"]
[Date "2010.02.14"]
[Round "4"]
[White "Carzolio, Luigi"]
[Black "Cotugno, Michele"]
[Result "1/2-1/2"]
[WhiteElo "1965"]
[BlackElo "1683"]
[PlyCount "54"]
[EventDate "2010.02.12"]

1. Nf3 d5 2. g3 Nf6 3. Bg2 Bf5 4. O-O e6 5. d3 h6 6. Nbd2 Bd6 7. Qe1 Bg4 8. h3
Bxf3 9. Nxf3 O-O 10. e4 dxe4 11. dxe4 e5 12. Qe2 Qd7 13. Nh4 Re8 14. Be3 Qc6
15. Nf5 Bf8 16. Rad1 Nbd7 17. Bc1 Nc5 18. f3 Na4 19. Kh2 Qb6 20. c3 Qe6 21. c4
Rad8 22. Qc2 Nc5 23. b3 Qa6 24. Rf2 Rxd1 25. Qxd1 Ne6 26. f4 Rd8 27. Rd2 Rxd2
1/2-1/2

[Event "C.to Provinciale SV"]
[Site "Savona ITA"]
[Date "2010.02.14"]
[Round "4"]
[White "Gioseffi, Massimiliano"]
[Black "Coqueraut, Jean Dominique"]
[Result "1-0"]
[WhiteElo "2121"]
[BlackElo "1815"]
[PlyCount "83"]
[EventDate "2010.02.12"]

1. d4 d5 2. c4 c6 3. Nf3 Nf6 4. Nc3 h6 5. e3 e6 6. Qc2 Nbd7 7. Bd3 Bd6 8. O-O
O-O 9. b3 e5 10. cxd5 cxd5 11. dxe5 Nxe5 12. Nxe5 Bxe5 13. Ba3 Re8 14. Rac1 Bd7
15. f4 Bxc3 16. Qxc3 Rc8 17. Qd4 Rxc1 18. Bxc1 a6 19. h3 Bc6 20. Bb2 Qe7 21.
Re1 Rd8 22. Bc2 Ne8 23. Bd1 Qe4 24. Qd2 Qg6 25. Bf3 Qg3 26. Qf2 Qxf2+ 27. Kxf2
Nd6 28. Rd1 f6 29. Ba3 Nb5 30. Bb4 Kf7 31. e4 d4 32. a4 Nc3 33. Bxc3 dxc3 34.
Rc1 Rd2+ 35. Ke3 Rb2 36. Rxc3 f5 37. exf5 Bxf3 38. Kxf3 Kf6 39. g4 Rh2 40. Ke4
Re2+ 41. Re3 Rh2 42. Kd5 1-0

[Event "C.to Provinciale SV"]
[Site "Savona ITA"]
[Date "2010.02.14"]
[Round "4"]
[White "Ivaldo, Fabrizio"]
[Black "Pesce, Gabriele"]
[Result "0-1"]
[WhiteElo "1920"]
[BlackElo "2168"]
[PlyCount "44"]
[EventDate "2010.02.12"]

1. d4 Nf6 2. c4 g6 3. Nc3 Bg7 4. e4 d6 5. f3 O-O 6. Be3 c5 7. d5 Nbd7 8. Qd2
Re8 9. Nge2 Ne5 10. Ng3 h5 11. h4 a6 12. a4 b6 13. Be2 Qc7 14. O-O e6 15. dxe6
Bxe6 16. Nd5 Bxd5 17. exd5 Nh7 18. f4 Nxc4 19. Bxc4 Rxe3 20. Ne2 Qe7 21. g3 Re8
22. Rae1 Bd4 0-1

[Event "C.to Provinciale SV"]
[Site "Savona ITA"]
[Date "2010.02.14"]
[Round "4"]
[White "Nikolajevic, Tihomir"]
[Black "Pesce, Leandro"]
[Result "1-0"]
[WhiteElo "1905"]
[BlackElo "1739"]
[PlyCount "51"]
[EventDate "2010.02.12"]

1. c4 Nf6 2. Nc3 e6 3. e4 Bb4 4. e5 Ng8 5. Qg4 g6 6. d4 h5 7. Qg3 Nc6 8. Nf3
Nh6 9. Bd3 Nf5 10. Bxf5 exf5 11. O-O h4 12. Qf4 Be7 13. Nd5 Nb4 14. Nxe7 Qxe7
15. Qd2 b6 16. a3 Na6 17. Qc3 Bb7 18. Bg5 Qf8 19. Bf6 Rh5 20. h3 Qg8 21. Ng5 c5
22. d5 Qf8 23. f4 Nc7 24. Rad1 Bc8 25. Rfe1 b5 26. Qa5 1-0

[Event "C.to Provinciale SV"]
[Site "Savona ITA"]
[Date "2010.02.14"]
[Round "4"]
[White "Pedemonte, Claudio"]
[Black "Restifo, Katiuscia"]
[Result "1/2-1/2"]
[WhiteElo "1842"]
[BlackElo "1805"]
[PlyCount "100"]
[EventDate "2010.02.12"]

1. c4 e5 2. g3 Nf6 3. Bg2 Nc6 4. Nc3 Be7 5. d3 d6 6. h3 Be6 7. e4 h6 8. Nge2 g5
9. Be3 g4 10. h4 h5 11. Nd5 Nd7 12. Nec3 a6 13. a3 Ncb8 14. b4 c6 15. Nxe7 Qxe7
16. O-O f6 17. b5 Nf8 18. bxc6 bxc6 19. Rb1 Nfd7 20. Qc2 Nc5 21. Rb6 O-O 22.
Na4 Nxa4 23. Qxa4 c5 24. Rfb1 Bd7 25. Qc2 Nc6 26. R6b2 Rfb8 27. Qe2 Rxb2 28.
Rxb2 Rb8 29. Rxb8+ Nxb8 30. Qb2 Qd8 31. Bd2 Nc6 32. Bc3 Qb8 33. Qd2 Qb1+ 34.
Bf1 Kh7 35. Qe3 Nd4 36. Bxd4 cxd4 37. Qd2 Ba4 38. Qb4 Bc2 39. Qxb1 Bxb1 40. Be2
Kg6 41. Kf1 Bc2 42. Ke1 a5 43. Kd2 Ba4 44. Kc1 Bd7 45. a4 f5 46. Bd1 f4 47. Kb2
f3 48. Kb3 Kf6 49. Ka3 Ke7 50. Bb3 Be6 1/2-1/2

[Event "C.to Provinciale SV"]
[Site "Savona ITA"]
[Date "2010.02.14"]
[Round "4"]
[White "Petronelli, Adriano"]
[Black "Mirata, Danilo"]
[Result "0-1"]
[WhiteElo "1646"]
[BlackElo "1789"]
[PlyCount "82"]
[EventDate "2010.02.12"]

1. Nf3 d5 2. g3 c5 3. Bg2 Nc6 4. O-O Nf6 5. d3 Bg4 6. Nbd2 e5 7. e4 dxe4 8.
dxe4 Be7 9. c3 b5 10. Qc2 Qb6 11. Nb3 c4 12. Be3 cxb3 13. Qxb3 Qb7 14. Ng5 O-O
15. h4 h6 16. Nh3 Be6 17. Qc2 Ng4 18. Bd2 Rad8 19. Qc1 Qd7 20. Rd1 Nf6 21. Kh2
Ng4+ 22. Kg1 Qc8 23. f3 Bc5+ 24. Kh1 Ne3 25. Re1 Rxd2 26. Qxd2 Nxg2 27. Qxg2
Bxh3 28. Qe2 Be6 29. Qxb5 Bb6 30. a4 Na5 31. Qxe5 Nc4 32. Qb5 Qc5 33. Qxc5 Bxc5
34. b4 Bf2 35. Re2 Bxg3 36. Rg1 Bxh4 37. Reg2 Bf6 38. f4 Ne3 39. Rg3 Bxc3 40.
e5 g6 41. Re1 Bxe1 0-1

[Event "C.to Provinciale SV"]
[Site "Savona ITA"]
[Date "2010.02.14"]
[Round "4"]
[White "Rosa, Lorenzo"]
[Black "Damele, Stefano"]
[Result "1/2-1/2"]
[WhiteElo "1446"]
[BlackElo "1945"]
[PlyCount "122"]
[EventDate "2010.02.12"]

1. g3 Nf6 2. Bg2 e6 3. Nh3 d5 4. d4 c5 5. Be3 Qb6 6. b3 Nc6 7. c3 cxd4 8. cxd4
Bb4+ 9. Nd2 Bc3 10. Rc1 Bxd4 11. Bxd4 Nxd4 12. O-O O-O 13. e3 Nc6 14. e4 Bd7
15. Kh1 Rfd8 16. Qe1 Nb4 17. Qe3 Qxe3 18. fxe3 Nxa2 19. Rc7 Bc8 20. e5 Rd7 21.
Rxc8+ Rxc8 22. exf6 gxf6 23. Rxf6 Rc1+ 24. Bf1 Nc3 25. Kg2 Rc2 26. Rf2 Nd1 27.
Bd3 Rb2 28. Re2 Nxe3+ 29. Rxe3 Rxd2+ 30. Nf2 Re7 31. g4 e5 32. Bf5 d4 33. Rh3
f6 34. Rh6 e4 35. Kg3 e3 36. Nd3 e2 37. Ne1 Rd1 38. Kf2 Rd2 39. Rxf6 Rc7 40.
Be6+ Kg7 41. g5 a6 42. Bc4 b5 43. Bxe2 Re7 44. Nf3 Rdxe2+ 45. Kf1 d3 46. Rxa6
d2 47. Ra1 d1=Q+ 48. Rxd1 Rb2 49. Nh4 Rxb3 50. Nf5+ Kf7 51. Nxe7 Kxe7 52. Re1+
Kf7 53. Re4 Rf3+ 54. Ke2 Rf5 55. h4 Rd5 56. Rb4 Kg6 57. Ke3 Rc5 58. Kf3 Rc3+
59. Kg2 Rc4 60. Rxb5 Rxh4 61. Kg3 Rh1 1/2-1/2

[Event "C.to Provinciale SV"]
[Site "Savona ITA"]
[Date "2010.02.14"]
[Round "5"]
[White "Atteo, Domenico"]
[Black "Petronelli, Adriano"]
[Result "0-1"]
[WhiteElo "1798"]
[BlackElo "1646"]
[PlyCount "36"]
[EventDate "2010.02.12"]

1. e4 d6 2. d4 Nf6 3. Nc3 g6 4. f4 Bg7 5. Nf3 O-O 6. Bd3 a5 7. O-O Na6 8. a3 c5
9. e5 Ne8 10. Bxa6 Rxa6 11. dxc5 Qc7 12. Nb5 Qxc5+ 13. Nbd4 dxe5 14. fxe5 Bg4
15. Be3 Bxf3 16. Rxf3 Qxe5 17. c3 Re6 18. Bf4 Qc5 0-1

[Event "C.to Provinciale SV"]
[Site "Savona ITA"]
[Date "2010.02.14"]
[Round "5"]
[White "Bruzzone, Carlo"]
[Black "Pedemonte, Claudio"]
[Result "1-0"]
[WhiteElo "1726"]
[BlackElo "1842"]
[PlyCount "92"]
[EventDate "2010.02.12"]

1. Nf3 f5 2. c4 Nf6 3. Nc3 g6 4. g3 Bg7 5. Bg2 O-O 6. d3 d6 7. O-O e5 8. e4 Na6
9. a3 fxe4 10. dxe4 Nc5 11. b4 Ncxe4 12. Nxe4 Nxe4 13. Qd5+ Kh8 14. Qxe4 Bf5
15. Qe1 e4 16. Bg5 Qd7 17. Nd2 h6 18. Be3 Bxa1 19. Qxa1+ Kh7 20. Nxe4 Qf7 21.
Qc3 Rae8 22. Nd2 b6 23. Bd4 Re2 24. Bd5 Qd7 25. b5 Bh3 26. Bg2 Ree8 27. Qd3 Bf5
28. Be4 Bxe4 29. Nxe4 Qf5 30. f3 d5 31. cxd5 Qxd5 32. Qc3 Rxe4 33. fxe4 Rxf1+
34. Kxf1 Qxb5+ 35. Kf2 c5 36. Bh8 Qd7 37. Bf6 Qh3 38. Kg1 Qg4 39. Qd2 h5 40.
Qd5 Kh6 41. Qd2+ g5 42. e5 h4 43. Qd8 hxg3 44. Qf8+ Kg6 45. Qg7+ Kf5 46. Qd7+
Kf4 1-0

[Event "C.to Provinciale SV"]
[Site "Savona ITA"]
[Date "2010.02.14"]
[Round "5"]
[White "Coqueraut, Jean Dominique"]
[Black "Carzolio, Luigi"]
[Result "0-1"]
[WhiteElo "1815"]
[BlackElo "1965"]
[PlyCount "64"]
[EventDate "2010.02.12"]

1. d4 Nf6 2. c4 g6 3. Nc3 Bg7 4. Nf3 O-O 5. Bg5 d6 6. e4 Nbd7 7. Be2 h6 8. Bh4
e5 9. Qd2 c6 10. dxe5 dxe5 11. Rd1 Qc7 12. O-O Re8 13. h3 Nh5 14. b3 Nc5 15.
Qe3 Ne6 16. Ne1 Nhf4 17. Bg3 Qa5 18. Qc1 Qxc3 19. Bxf4 Nxf4 20. Bf3 Qxc1 21.
Rxc1 Rd8 22. Nc2 Be6 23. Rfd1 Kf8 24. Kf1 Ke8 25. Ne3 Rxd1+ 26. Rxd1 Rd8 27.
Rxd8+ Kxd8 28. Be2 Kd7 29. Ke1 Bf8 30. h4 Bc5 31. g3 Bxe3 32. fxe3 Nxe2 0-1

[Event "C.to Provinciale SV"]
[Site "Savona ITA"]
[Date "2010.02.14"]
[Round "5"]
[White "Cotugno, Michele"]
[Black "Pesce, Gabriele"]
[Result "0-1"]
[WhiteElo "1683"]
[BlackElo "2168"]
[PlyCount "102"]
[EventDate "2010.02.12"]

1. Nf3 Nf6 2. d4 g6 3. g3 Bg7 4. Bg2 O-O 5. O-O d6 6. c3 c6 7. Bg5 h6 8. Bxf6
exf6 9. Nbd2 f5 10. e3 Nd7 11. Ne1 Nf6 12. Nd3 Qe7 13. Re1 Ne4 14. Nxe4 fxe4
15. Nf4 h5 16. h4 Bh6 17. Qd2 Kh7 18. Bh3 Bxf4 19. Bxc8 Bxg3 20. Bxb7 Bxf2+ 21.
Qxf2 Qxb7 22. Qf6 Qd7 23. Re2 Qe6 24. Rf2 Qxf6 25. Rxf6 Rad8 26. Raf1 Kg7 27.
Kg2 Rd7 28. Kg3 Re8 29. R1f4 Ree7 30. Kh3 Re8 31. Kg3 c5 32. dxc5 dxc5 33. Rc6
Re5 34. Rff6 Rd2 35. Kf4 Re7 36. Rfd6 Rxb2 37. Rxc5 Rxa2 38. Re5 Rf2+ 39. Kxe4
f5+ 40. Kd5 Rd2+ 41. Kc6 Rxd6+ 42. Kxd6 Rxe5 43. Kxe5 a5 44. c4 Kf7 45. c5 Ke7
46. Kd5 Kd7 47. c6+ Kc7 48. Kc5 a4 49. Kb4 Kxc6 50. Kxa4 Kd5 51. Kb5 Ke4 0-1

[Event "C.to Provinciale SV"]
[Site "Savona ITA"]
[Date "2010.02.14"]
[Round "5"]
[White "Damele, Stefano"]
[Black "Gioseffi, Massimiliano"]
[Result "0-1"]
[WhiteElo "1945"]
[BlackElo "2121"]
[PlyCount "118"]
[EventDate "2010.02.12"]

1. d4 Nf6 2. c4 e6 3. Nc3 Bb4 4. e3 O-O 5. a3 Bxc3+ 6. bxc3 c5 7. Bd3 Nc6 8.
Nf3 d6 9. O-O e5 10. d5 Na5 11. e4 h6 12. h3 b6 13. Be3 Ba6 14. Nd2 Qe7 15. f4
exf4 16. Bxf4 Nd7 17. Qf3 Ne5 18. Qg3 f6 19. Bxe5 fxe5 20. Qg6 Rae8 21. Rxf8+
Rxf8 22. Rf1 Rxf1+ 23. Kxf1 Bc8 24. Be2 Bd7 25. Bg4 Be8 26. Qf5 g6 27. Qe6+
Qxe6 28. Bxe6+ Kg7 29. Ke2 h5 30. Kd3 Nb7 31. Bc8 Nd8 32. Ba6 Bd7 33. Bb5 Bc8
34. Nf3 Nf7 35. Ba4 Kf6 36. Be8 Nh6 37. Ke3 Ng8 38. Kd3 Kg7 39. Ng5 Nf6 40. Ba4
Nh7 41. Nxh7 Kxh7 42. Ke3 h4 43. Bd1 Bd7 44. Be2 Ba4 45. Bd3 Kh6 46. Be2 Kg5
47. Bd3 Bb3 48. Be2 Bc2 49. Bf3 Kf6 50. Kd2 Bb1 51. Ke3 Ke7 52. Kf2 Bd3 53. g3
hxg3+ 54. Kxg3 Bxc4 55. Kg4 Kf6 56. Bd1 b5 57. h4 a5 58. h5 gxh5+ 59. Kxh5 Bd3
0-1

[Event "C.to Provinciale SV"]
[Site "Savona ITA"]
[Date "2010.02.14"]
[Round "5"]
[White "Lupini, Stefano"]
[Black "Castellano, Adriano"]
[Result "1-0"]
[WhiteElo "1936"]
[BlackElo "1506"]
[PlyCount "67"]
[EventDate "2010.02.12"]

1. d4 Nf6 2. c4 g6 3. Nc3 c6 4. e4 Bg7 5. e5 Ng8 6. f4 e6 7. Nf3 Ne7 8. Be2 a6
9. O-O O-O 10. b3 d5 11. Ba3 Re8 12. Bxe7 Qxe7 13. c5 Nd7 14. b4 b6 15. Na4 b5
16. Nc3 f6 17. a4 Bb7 18. Qc2 Rf8 19. Bd3 fxe5 20. fxe5 Rf7 21. axb5 axb5 22.
Rxa8+ Bxa8 23. Qa2 Qd8 24. Ra1 Rf8 25. Qa5 Bh6 26. Qxd8 Be3+ 27. Kf1 Rxd8 28.
Ke2 Bh6 29. Nd1 Rf8 30. Ra7 Rd8 31. Nf2 Nf8 32. Ng4 Bg7 33. Ng5 Nd7 34. Nxe6
1-0

[Event "C.to Provinciale SV"]
[Site "Savona ITA"]
[Date "2010.02.14"]
[Round "5"]
[White "Mercandelli, Claudio"]
[Black "Ivaldo, Fabrizio"]
[Result "0-1"]
[WhiteElo "1894"]
[BlackElo "1920"]
[PlyCount "86"]
[EventDate "2010.02.12"]

1. Nf3 Nf6 2. c4 g6 3. b4 Bg7 4. Bb2 O-O 5. Nc3 d6 6. d4 Nbd7 7. e4 c5 8. a3 a5
9. bxc5 dxc5 10. Bd3 cxd4 11. Nd5 e5 12. a4 Nxd5 13. cxd5 f5 14. Nd2 Nc5 15.
Bb1 fxe4 16. O-O Nd3 17. Nxe4 Nxb2 18. Qb3 Kh8 19. Qxb2 Qxd5 20. f3 Rb8 21. Rc1
b6 22. Ba2 Qd8 23. Rc6 Bb7 24. Rxb6 Bxe4 25. Rxb8 Qxb8 26. Qxb8 Rxb8 27. fxe4
Rb2 28. Bd5 Bh6 29. Ra2 Be3+ 30. Kf1 Rb1+ 31. Ke2 Rg1 32. Kf3 h5 33. Rb2 Rf1+
34. Kg3 d3 35. Bc4 Bf4+ 36. Kh3 Rd1 37. g3 Be3 38. Rb3 Rd2 39. Rxd3 Rc2 40. Bf7
Bg1 41. Kh4 Kg7 42. Rd7 Rxh2+ 43. Kg5 Be3# 0-1

[Event "C.to Provinciale SV"]
[Site "Savona ITA"]
[Date "2010.02.14"]
[Round "5"]
[White "Pesce, Leandro"]
[Black "Rosa, Lorenzo"]
[Result "1-0"]
[WhiteElo "1739"]
[BlackElo "1446"]
[PlyCount "98"]
[EventDate "2010.02.12"]

1. e4 e5 2. Nf3 Nc6 3. Bc4 Be7 4. d4 exd4 5. Nxd4 Ne5 6. Bb3 d6 7. O-O Nf6 8.
Nc3 c5 9. Nf3 Bg4 10. Bd5 Rb8 11. Bf4 Nxf3+ 12. gxf3 Bh3 13. Re1 Nh5 14. Bxf7+
Kxf7 15. Qd5+ Kf8 16. Qxh5 Qd7 17. Qd5 Be6 18. Qd2 g5 19. Bg3 Rg8 20. f4 Bh3
21. f5 Qc6 22. Qd5 Qxd5 23. Nxd5 Kf7 24. Re3 g4 25. Rd1 Rbd8 26. Nxe7 Kxe7 27.
Bh4+ Kf7 28. Bxd8 Rxd8 29. e5 d5 30. Rb3 b6 31. Ra3 a5 32. Rb3 g3 33. fxg3 Bxf5
34. Rd2 Rb8 35. Rf3 Ke6 36. Re2 c4 37. Ref2 Be4 38. Re3 Kxe5 39. c3 Kd6 40. Re1
Re8 41. Rf7 Kc5 42. Rxh7 Bxh7 43. Rxe8 Kb5 44. Re3 Bc2 45. h4 a4 46. a3 Kc5 47.
Kf2 b5 48. h5 b4 49. axb4+ Kb5 1-0

[Event "C.to Provinciale SV"]
[Site "Savona ITA"]
[Date "2010.02.14"]
[Round "5"]
[White "Restifo, Katiuscia"]
[Black "Nikolajevic, Tihomir"]
[Result "0-1"]
[WhiteElo "1805"]
[BlackElo "1905"]
[PlyCount "118"]
[EventDate "2010.02.12"]

1. e4 c5 2. Nf3 e6 3. d4 cxd4 4. Nxd4 Nf6 5. Nc3 d6 6. Be2 Be7 7. Be3 Nc6 8.
Nb3 O-O 9. Qd2 a6 10. O-O Qc7 11. f4 b5 12. a3 Bb7 13. Qe1 Rac8 14. Qg3 Rfe8
15. Rac1 Na5 16. e5 Ne4 17. Nxe4 Bxe4 18. Bd4 d5 19. Nxa5 Qxa5 20. c3 Qd8 21.
Bf2 Rc6 22. Rfd1 Qc7 23. Bd3 Bxd3 24. Qxd3 Rc4 25. Bd4 Bc5 26. Qe3 Rc8 27. Bxc5
Qxc5 28. Qxc5 R8xc5 29. g3 Kf8 30. Rd3 Rc7 31. Rcd1 g6 32. Kf2 a5 33. Kf3 a4
34. Rd4 Ke7 35. Rxc4 Rxc4 36. Rd4 Rxd4 37. cxd4 Kd7 38. Ke3 Kc6 39. Kd3 Kb6 40.
Kc3 Ka5 41. h3 h6 42. g4 Ka6 43. Kb4 Kb6 44. g5 h5 45. h4 Ka6 46. Kc5 Ka5 47.
Kd6 b4 48. Kc5 b3 49. Kc6 Ka6 50. Kd7 Kb5 51. Ke7 Kc4 52. Kxf7 Kd3 53. Kxe6 Kc2
54. Kxd5 Kxb2 55. e6 Kxa3 56. e7 b2 57. e8=Q b1=Q 58. Qe3+ Qb3+ 59. Qxb3+ axb3
0-1

[Event "C.to Provinciale TO"]
[Site "Torino ITA"]
[Date "2010.02.09"]
[Round "1"]
[White "Arena, Marco"]
[Black "Leoni, Alessandro"]
[Result "0-1"]
[WhiteElo "1566"]
[BlackElo "1871"]
[PlyCount "116"]
[EventDate "2010.02.09"]

1. e4 c5 2. Nc3 Nc6 3. g3 g6 4. Bg2 Bg7 5. d3 d6 6. Be3 e6 7. Qd2 Nge7 8. Nge2
Rb8 9. O-O O-O 10. f4 Nd4 11. Nd1 b5 12. c3 Nxe2+ 13. Qxe2 b4 14. d4 bxc3 15.
bxc3 Qa5 16. Qc2 Ba6 17. Rf3 cxd4 18. Bxd4 Bxd4+ 19. cxd4 Qe1+ 20. Bf1 Rfc8 21.
Qg2 Qxe4 22. Nf2 Qxd4 23. Rd1 Qa4 24. Bxa6 Qxa6 25. Ne4 Nf5 26. Kh1 Qa4 27. Re1
Qd4 28. Rf2 d5 29. Ng5 Qc3 30. Rd2 Rb2 31. Rxb2 Qxe1+ 32. Qg1 Qxg1+ 33. Kxg1
Rc7 34. Kf2 d4 35. Ne4 Kg7 36. Rd2 h5 37. Ng5 a5 38. Nf3 a4 39. Ke2 a3 40. Nxd4
Nxd4+ 41. Rxd4 Rc2+ 42. Rd2 Rb2 43. Kd3 Rxd2+ 44. Kxd2 Kf6 45. Kc3 e5 46. fxe5+
Kxe5 47. Kb4 Kd4 48. Kxa3 Kc3 49. Ka4 Kc4 50. a3 g5 51. Ka5 f5 52. Kb6 f4 53.
gxf4 gxf4 54. a4 f3 55. a5 f2 56. a6 f1=Q 57. a7 Qf3 58. Kc7 Qa8 0-1

[Event "C.to Provinciale TO"]
[Site "Torino ITA"]
[Date "2010.02.09"]
[Round "1"]
[White "Blanc, Pierre"]
[Black "Calderone, Luigi"]
[Result "1-0"]
[WhiteElo "1928"]
[BlackElo "1700"]
[PlyCount "67"]
[EventDate "2010.02.09"]

1. e4 e5 2. Nf3 Nc6 3. Bb5 a6 4. Ba4 Nf6 5. O-O Be7 6. Re1 b5 7. Bb3 d6 8. c3
O-O 9. h3 Na5 10. Bc2 c5 11. d4 Qc7 12. Nbd2 Nc6 13. Bb1 cxd4 14. cxd4 exd4 15.
Nb3 Ne5 16. Nbxd4 Re8 17. Nh4 Bb7 18. Nhf5 Bf8 19. Bg5 Ned7 20. Ng3 Rac8 21. a4
b4 22. Qd2 d5 23. Bf4 Bd6 24. Bxd6 Qxd6 25. Ndf5 Qf8 26. Qf4 Rc6 27. e5 Rce6
28. Rc1 Rxe5 29. Rc7 Bc8 30. Ne3 Qd6 31. Rxc8 d4 32. Ngf5 Qf8 33. Qxd4 a5 34.
Nd6 1-0

[Event "C.to Provinciale TO"]
[Site "Torino ITA"]
[Date "2010.02.09"]
[Round "1"]
[White "Blundo, Michele"]
[Black "Stroppa, Daniel"]
[Result "0-1"]
[WhiteElo "1763"]
[BlackElo "2210"]
[PlyCount "50"]
[EventDate "2010.02.09"]

1. d4 d6 2. c4 e5 3. d5 f5 4. Nc3 Nf6 5. Bg5 Be7 6. Bxf6 Bxf6 7. e4 O-O 8. Nf3
f4 9. Be2 Kh8 10. h4 c6 11. Qd2 c5 12. O-O-O Na6 13. a3 Nc7 14. Ng5 a6 15. Ne6
Bxe6 16. dxe6 Nxe6 17. Qxd6 Qxd6 18. Rxd6 Nd4 19. Bd1 b5 20. cxb5 axb5 21. a4
Rfb8 22. Rh3 bxa4 23. Nxa4 Rb4 24. Rb6 Raxa4 25. Bxa4 Rxb6 0-1